| 000 | 01134cam a22003377a 4500 | ||
|---|---|---|---|
| 003 | CHAP | ||
| 005 | 20220817044347.0 | ||
| 008 | 100721s1985 r 00010 spa d | ||
| 010 | _a98840 | ||
| 011 | _a99812 | ||
| 035 | _a110498 | ||
| 040 | _cCHAP | ||
| 082 |
_a630.0285 _bF3 |
||
| 110 | _aFAO | ||
| 245 | 1 | 0 |
_aCAPPA : _bdescripción técnica del sistema CAPPA _c/por FAO |
| 260 |
_a[s.l.] : _bFAO, _c1985 |
||
| 300 | _a254 p. | ||
| 500 | _aFotocopia | ||
| 590 |
_aBATCH-UPD _b10 _c20130110 _lUCH01 _h1018 |
||
| 590 |
_aBATCH-UPD _b10 _c20130410 _lUCH01 _h0624 |
||
| 590 |
_aBATCH-UPD _b10 _c20130913 _lUCH01 _h2128 |
||
| 590 |
_aCONVERSION _b10 _c20130109 _lUCH01 _h1355 |
||
| 650 | 1 | 4 |
_aAgricultura _xSistemas de información. _91796 |
| 650 | 1 | 4 |
_aProcesamiento automático de datos en agricultura. _991751 |
| 650 | 1 | 4 |
_aProcesamiento automático de datos en demografía. _991769 |
| 700 | 0 |
_aComputarized Systems for Agriculture and Population Planning Assistance. _926130 |
|
| 700 | 0 |
_aVercueil, Jacques. _9118842 |
|
| 901 | _aBK | ||
| 942 | _cLIBRO | ||
| 949 |
_a630.0285 F3 _bBC _cLIBRO _d33724002208710 _eLIBRO _h73388 _i110498 _sb |
||
| 999 |
_c98840 _d98840 |
||